| 000 | 01098nam a2200217Ia 4500 | ||
|---|---|---|---|
| 003 | Ost | ||
| 005 | 20260507074933.0 | ||
| 008 | 260507s9999||||xx |||||||||||||| ||und|| | ||
| 020 | _a9789957493288 | ||
| 040 | _cfsecg | ||
| 041 | _aara | ||
| 082 | _a658.15 | ||
| 100 |
_aعباس، علي _eمؤلف |
||
| 245 | 0 |
_aالادارة المالية / _c علي عباس |
|
| 260 |
_aعمان: _bدار اثراء للنشر, _c2008 |
||
| 300 |
_a392 صفحة؛ _c24 سم |
||
| 520 | _aيعرض هذا الكتاب طبيعة و مجال الادارة المالية/القوائم المالية/التحليل المالي/القيمة الزمنية للنقود/المخاطر و معدل العائد/كلفة راس المال/تقييم الاستثمارات الرأسمالية/الرفع المالي و نقطةالتعادل/التمويل/إدارة رأس المال العامل/إدارة النقدية/إدارة الذمم المدينة/إدارة المخزون السلعي. | ||
| 653 | _aادارة مالية | ||
| 653 | _aتحليل مالي | ||
| 942 | _cكتاب | ||
| 999 |
_c41860 _d41860 |
||